• 首页
  • 本馆介绍
  • 公告通知
  • 最新文献
  • 馆藏检索
  • 电子资源
  • 读者导购
  • 参考咨询
  • 我的图书馆
  • 登录
  • 详细信息显示
  • 放入我的书架
  • 预约/预借图书
  • 作者相关作品
  • 分类相关作品
  • 丛书相关作品
  • 出版社相关作品

书目信息

  • 表格格式
  • 工作单格式
  • 卡片格式
题名:
动物寄生虫病学
    
 
作者: 杨光友 主编
分册:  
出版信息: 成都   四川科学技术出版社  2005
页数: 324页
开本: 26cm
丛书名:
单 册:
中图分类: S855.9
科图分类:
主题词: 动物疾病--寄生虫病--高等学校--教材 , 动物疾病 , 寄生虫病
电子资源:
ISBN: 7-5364-5611-5
000 00826nam0 2200253 450
001 002924410
005 20061107105259.18
010    @a7-5364-5611-5@dCNY31.00
100    @a20050119d2005 em y0chiy0110 ea
101 0  @achi
102    @aCN@b510000
105    @aa z 000yy
200 1  @a动物寄生虫病学@9dong wu ji sheng chong bing xue@f杨光友主编
210    @a成都@c四川科学技术出版社@d2005
215    @a324页@c图@d26cm
300    @a高等农业院校“十五”规划教材 动物医学专业用
330    @a本书包括总论、动物蠕虫病学、兽医节肢动物学、动物原虫学及各种家养动物的主要寄生虫与寄生虫病简表共五章内容。
606 0  @a动物疾病@x寄生虫病@x高等学校@j教材
606 0  @a动物疾病
606 0  @a寄生虫病
690    @aS855.9@v4
701  0 @a杨光友@9yang guang you@4主编
801  0 @aCN@bNLC@c20061107
905    @a10447@dS855.9@e55
    
    动物寄生虫病学/杨光友主编.-成都:四川科学技术出版社,2005
    324页:图;26cm
    高等农业院校“十五”规划教材 动物医学专业用
    
    ISBN 7-5364-5611-5:CNY31.00
    本书包括总论、动物蠕虫病学、兽医节肢动物学、动物原虫学及各种家养动物的主要寄生虫与寄生虫病简表共五章内容。
●
相关链接 在E读中查询图书 在五车中查询图书 在当当中查询图书 在豆瓣中查询图书


正题名:动物寄生虫病学     索取号:S855.9/55         预约/预借

序号 登录号 条形码 馆藏地/架位号 状态 备注
1 0381836   203818360   第二样本阅览室/ [索取号:S855.9/55] 在馆    
2 0381837   203818379   第三借阅区/ [索取号:S855.9/55] 在馆    
3 0381838   203818388   第三借阅区/ [索取号:S855.9/55] 在馆    
4 0381839   203818397   第三借阅区/ [索取号:S855.9/55] 在馆    
5 0381840   203818404   第三借阅区/ [索取号:S855.9/55] 在馆    
唐山师范学院图书馆 欢迎您!
大连网信软件有限公司© 版权所有